000
00263nam a2200109Ia 4500
008
200302s9999 xx 000 0 und d
100
_a
James W. P. Campbell and Other
245
_a
Brick A world History
260
_b
United Kindom
260
_c
2003
300
_a
320
999
_c
6537
_d
6537